Trend VUMA vedeckotechnický časopis : časopis pre odbory : montáž v strojárstve - elektrické metódy obrábania - ultrazvuk

Bibliographic Details
Other Authors: Dušek, J. (Publishing director), Janovic, Ivan (Publishing director), Slanina, František, 1931-2003 (Publishing director)
Format: Journal
Language:Slovak
PhysicalDescription:21 zv. 24-29 cm
Published: Bratislava Alfa 1969-1990
ISSN:0322-8053
Subjects:

MARC

LEADER 00000cas a2200000 a 4500
001 vtls008882250
003 SK-MaSNL
005 20260228162238.0
008 141119d19691990xo qr|p 0 0 b0slo
022 |a 0322-8053 
035 |a (SVKBB03)vtls000110026 
040 |a SVKBB  |b slo  |c SVKBB  |d SNK  |e AACR2 
041 0 |a slo 
044 |a xo  |c SK 
072 7 |a 621  |x Strojárstvo  |2 konspekt 
072 7 |a 681.5  |x Automatizačná a riadiaca technika  |2 konspekt 
080 |a 621  |2 2001 
080 |a 681.5  |2 2001 
080 |a 050  |2 2001 
210 0 |a Trend VÚMA 
222 0 |a Trend VÚMA 
245 0 0 |a Trend VUMA  |b vedeckotechnický časopis : časopis pre odbory : montáž v strojárstve - elektrické metódy obrábania - ultrazvuk 
260 |a Bratislava  |b Alfa  |c 1969-1990 
300 |a 21 zv.  |c 24-29 cm 
310 |a 4x ročne 
362 0 |a Č. 1 (1969)-roč. 21, č. 4 (14.11.1990) 
500 |a 1969-1990 vydáva Výskumný ústav mechanizácie a automatizácie Nové Mesto nad Váhom vo vydav. Alfa, Bratislava 
500 |a Šéfredaktor: 1969-1971, J. Dušek; 1976, Ivan Janovic; 1977-1979, František Slanina 
500 |a Zodpovedný redaktor: 1972-1974, Igor Králik; 1980-1986, Jozef Gracík; 1987-1990, Jozef Tinka 
500 |a V r. 1969-1970 rozmer zv. 29 cm 
650 0 7 |a strojárstvo  |2 SNKPH  |9 674 
650 0 7 |a automatizácia  |2 SNKPH  |9 1428 
655 7 |a odborné časopisy  |2 SNKPH  |9 70505 
700 1 |a Dušek, J.  |4 pbd  |9 270637 
700 1 |a Janovic, Ivan  |4 pbd  |9 270638 
700 1 |a Slanina, František,  |d 1931-2003  |4 pbd  |9 215326 
700 1 |a Králik, Igor  |4 lso  |9 270639 
700 1 |a Gracík, Jozef  |4 lso  |9 270640 
700 1 |a Tinka, Jozef,  |d 1958-  |4 lso  |9 200097 
710 2 |a Výskumný ústav mechanizácie a automatizácie (Nové Mesto nad Váhom, Slovensko)  |4 pbl  |9 82435 
852 |a Štátna vedecká knižnica v Banskej Bystrici 
910 |a snk 
916 |a 1969-1990 
999 |c 7261  |d 9191 
952 |0 0  |1 0  |4 0  |7 0  |a SNK  |b SNK  |d 2013-04-22  |f 1  |i snkČSP 2457/88  |l 0  |o snkČSB 1870/18/1987   |p 17A0857678  |r 2026-02-21 20:31:07  |t č. 1-4  |w 2026-02-21  |y PREZ 
952 |0 0  |1 0  |4 0  |7 0  |a SNK  |b SNK  |d 2012-10-05  |i snkČSP 1806/82  |l 0  |o snkČSB 1870/12/1981 D1  |p 17A1020327  |r 2026-02-21 20:40:55  |t č. 1-4  |w 2026-02-21  |y PREZ 
952 |0 0  |1 0  |4 0  |7 0  |a SNK  |b SNK  |d 2014-06-24  |f 1  |i snkČSP 796/71  |l 0  |o snkČSB 1870/1969  |p 17A0775543  |r 2026-02-21 21:24:48  |t č. 1-4  |w 2026-02-21  |y PREZ 
952 |0 0  |1 0  |4 0  |7 0  |a SNK  |b SNK  |d 2014-06-24  |f 1  |i snkČSP 799/71  |l 0  |o snkČSB 1870/1970  |p 17A0775624  |r 2026-02-21 21:24:48  |t č. 1-4  |w 2026-02-21  |y PREZ 
952 |0 0  |1 0  |4 0  |7 0  |a SNK  |b SNK  |d 2014-06-24  |f 1  |i snkČSP 755/72  |l 0  |o snkČSB 1870/3/1971  |p 17A0775631  |r 2026-02-21 21:24:48  |t č. 1-4  |w 2026-02-21  |y PREZ 
952 |0 0  |1 0  |4 0  |7 0  |a SNK  |b SNK  |d 2014-06-24  |f 1  |i snkČSP 1144/74  |l 0  |o snkČSB 1870/4/1972  |p 17A0775630  |r 2026-02-21 21:24:48  |t č. 1-4  |w 2026-02-21  |y PREZ 
952 |0 0  |1 0  |4 0  |7 0  |a SNK  |b SNK  |d 2014-06-24  |f 1  |i snkČSP 1139/75  |l 0  |o snkČSB 1870/5/1973  |p 17A0775681  |r 2026-02-21 21:24:49  |t č. 1-4  |w 2026-02-21  |y PREZ 
952 |0 0  |1 0  |4 0  |7 0  |a SNK  |b SNK  |d 2014-06-24  |f 1  |i snkČSP 111/78  |l 0  |o snkČSB 1870/6/1974  |p 17A0775687  |r 2026-02-21 21:24:49  |t č. 1-3  |w 2026-02-21  |y PREZ 
952 |0 0  |1 0  |4 0  |7 0  |a SNK  |b SNK  |d 2014-06-24  |f 1  |i snkČSP 113/78  |l 0  |o snkČSB 1870/7/1976  |p 17A0775685  |r 2026-02-21 21:24:49  |t č. 1-4  |w 2026-02-21  |y PREZ 
952 |0 0  |1 0  |4 0  |7 0  |a SNK  |b SNK  |d 2014-06-24  |f 1  |i snkČSP 1591/77  |l 0  |o snkČSB 1870/8/1977  |p 17A0775637  |r 2026-02-21 21:24:49  |t č. 1-4  |w 2026-02-21  |y PREZ 
952 |0 0  |1 0  |4 0  |7 0  |a SNK  |b SNK  |d 2014-06-24  |f 1  |i snkČSP 1211/78  |l 0  |o snkČSB 1870/9/1978  |p 17A0784817  |r 2026-02-21 21:24:49  |t č. 1-4  |w 2026-02-21  |y PREZ 
952 |0 0  |1 0  |4 0  |7 0  |a SNK  |b SNK  |d 2014-06-24  |f 1  |i snkČSP 853/80  |l 0  |o snkČSB 1870/10/1979  |p 17A0784863  |r 2026-02-21 21:24:49  |t č. 1-4  |w 2026-02-21  |y PREZ 
952 |0 0  |1 0  |4 0  |7 0  |a SNK  |b SNK  |d 2014-06-24  |f 1  |i snkČSP 1710/81  |l 0  |o snkČSB 1870/11/1980  |p 17A0775639  |r 2026-02-21 21:24:49  |t č. 1-4  |w 2026-02-21  |y PREZ 
952 |0 0  |1 0  |4 0  |7 0  |a SNK  |b SNK  |d 2014-06-24  |f 1  |i snkČSP 1805/82  |l 0  |o snkČSB 1870/12/1981  |p 17A0857504  |r 2026-02-21 21:24:49  |t č. 1-4  |w 2026-02-21  |y PREZ 
952 |0 0  |1 0  |4 0  |7 0  |a SNK  |b SNK  |d 2014-06-24  |f 1  |i snkČSP 1808/83  |l 0  |o snkČSB 1870/13/1982  |p 17A0857782  |r 2026-02-21 21:24:49  |t č. 1-4  |w 2026-02-21  |y PREZ 
952 |0 0  |1 0  |4 0  |7 0  |a SNK  |b SNK  |d 2014-06-24  |f 1  |i snkČSP 1547/84  |l 0  |o snkČSB 1870/14/1983  |p 17A0857327  |r 2026-02-21 21:24:49  |t č. 1-4  |w 2026-02-21  |y PREZ 
952 |0 0  |1 0  |4 0  |7 0  |a SNK  |b SNK  |d 2014-06-24  |f 1  |i snkČSP 1145/85  |l 0  |o snkČSB 1870/15/1984  |p 17A0857672  |r 2026-02-21 21:24:49  |t č. 1-4  |w 2026-02-21  |y PREZ 
952 |0 0  |1 0  |4 0  |7 0  |a SNK  |b SNK  |d 2014-06-24  |f 1  |i snkČSP 4777/87  |l 0  |o snkČSB 1870/16/1985  |p 17A0857346  |r 2026-02-21 21:24:49  |t č. 1-4  |w 2026-02-21  |y PREZ 
952 |0 0  |1 0  |4 0  |7 0  |a SNK  |b SNK  |d 2014-06-24  |f 1  |i snkČSP 4779/87  |l 0  |o snkČSB 1870/17/1986  |p 17A0857365  |r 2026-02-21 21:24:49  |t č. 1-4  |w 2026-02-21  |y PREZ 
952 |0 0  |1 0  |4 0  |7 0  |a SNK  |b SNK  |d 2014-06-24  |f 1  |i snkČSP 4829/89  |l 0  |o snkČSB 1870/19/1988   |p 17A0857727  |r 2026-02-21 21:24:49  |t č. 1-4  |w 2026-02-21  |y PREZ 
952 |0 0  |1 0  |4 0  |7 0  |a SNK  |b SNK  |d 2014-06-24  |f 1  |i snkČSP 761/91  |l 0  |o snkČSB 1870/20/1989   |p 17A0857725  |r 2026-02-21 21:24:49  |t č. 1-4  |w 2026-02-21  |y PREZ 
952 |0 0  |1 0  |4 0  |7 0  |a SNK  |b SNK  |d 2014-06-24  |f 1  |i snkČSP 4095/92  |l 0  |o snkČSB 1870/21/1990   |p 17A0857345  |r 2026-02-21 21:24:49  |t č. 1-4  |w 2026-02-21  |y PREZ